000 00640nam a22002297a 4500
999 _c1666
_d1666
003 AR-CdUCM
008 190227b ||||| |||| 00| 0 spa d
040 _aMUNICIPALIDAD PROVINCIAL DEL CUSCO
_cBIBLIOTECA MUNICIPAL DEL CUSCO
082 _a895.4 /
_bAM52
100 _aAmaru
_96188
245 _aCien poemas de Amor /
_cAmaru
260 _aBarcelona :
_bBarral,
_c1971.
300 _a124 paginas ;
_c23cm.
500 _aPoemas
650 _aPoesia
_95517
650 _aLatinoamerica
_94398
650 _aLiteratura
_983
700 _aAmaru
_96188
700 _aTola, Fernando
_96189
942 _2ddc
_cLIBROS
945 _apjha
_d2019-02-27